000 00850cam a2200277Ia 4500
001 5624356
005 20220326193307.0
008 060502s2005 cr 000 p spa d
020 _a9968834750
035 _a(OCoLC)ocm68034521
035 _a(NNC)5624356
040 _aIXA
_cIXA
082 _a861.44
_bT787a
090 _aPQ7489.2.T74
_bA77 2005
100 1 _aTrejos, Alfredo,
_d1977-
_91714
245 1 0 _aArrullo para la noche tóxica /
_cAlfredo Trejos.
260 _aSan José, Costa Rica :
_bEdiciones Perro Azul,
_cc2005.
300 _a80 p. ;
_c21 cm.
490 1 _aColección de poesía
650 _aLteratura
_xPoesía
_zCosta Rica
_91790
700 _aTrejos, Alfredo,
_91715
830 0 _aColección de poesía (Ediciones Perro Azul)
_9878
948 1 _a20060512
_bc
_cas2107
_dMPS
948 2 _a20110701
_bl
_cdem5
_dMPS
999 _c376
_d376